|
|
|
|
| LEADER |
01431nam a2200289 a 4500 |
| 001 |
3233456 |
| 008 |
120910s2012 enka 001 0 eng d |
| 999 |
|
|
|c 12818
|d 12818
|
| 010 |
|
|
|a 79310636
|
| 020 |
|
|
|a 0194370771
|
| 020 |
|
|
|a 9780194370776
|
| 040 |
|
|
|a DLC
|c DLC
|d DLC
|d BD-DhAAL
|
| 082 |
0 |
0 |
|a 407
|2 22
|
| 100 |
1 |
|
|a Widdowson, H. G.
|9 5743
|
| 245 |
1 |
0 |
|a Teaching language as communication /
|c H. G. Widdowson.
|
| 260 |
|
|
|a Oxford :
|b Oxford University Press,
|c 2011 [2012]
|
| 300 |
|
|
|a xi, 168 pages :
|b illustration ;
|c 22 cm.
|
| 504 |
|
|
|a Includes index.
|
| 541 |
|
|
|a Complimentary copy from BIED
|e 25945, 28490, 35225
|
| 650 |
|
0 |
|a Language and languages
|x Study and teaching.
|9 5603
|
| 650 |
|
0 |
|a Discourse analysis.
|9 5744
|
| 650 |
|
0 |
|a Education
|9 33930
|
| 852 |
1 |
|
|a Ayesha Abed Library
|j BIED Collection
|
| 942 |
|
|
|2 ddc
|c BK
|
| 952 |
|
|
|0 0
|1 0
|4 0
|6 407_000000000000000_WID
|7 0
|9 21094
|a BRACUL
|b BRACUL
|c GEN
|d 2012-09-11
|e Karim International
|g 880.00
|l 1
|m 7
|o 407 WID
|p 3010025945
|r 2020-01-14
|s 2019-11-26
|t 1
|w 2012-09-11
|y BK
|
| 952 |
|
|
|0 0
|1 0
|2 ddc
|4 0
|6 407_000000000000000_WID
|7 0
|9 43875
|a BRACUL
|b BRACUL
|c GEN
|d 2014-10-20
|e Riza Enterprize
|g 870.00
|l 0
|o 407 WID
|p 3010028490
|r 2014-10-20
|t 2
|w 2014-10-20
|y BK
|
| 952 |
|
|
|0 0
|1 0
|2 ddc
|4 0
|6 407_000000000000000_WID
|7 0
|9 66127
|a BRACUL
|b BRACUL
|c GEN
|d 2019-09-04
|e Complimentary copy from BIED
|l 1
|m 19
|o 407 WID
|p 3010035225
|r 2025-02-08
|s 2024-10-04
|t 3
|w 2019-09-04
|y BK
|x Transferred from BIED to General Stacks
|